Tadow - Masego Feat. FKJ - All Lyrics - Statistics

General Stats
  • This quiz has been taken 7 times
  • The average score is 217 of 251
Answer Stats
Answer % Correct
ahh, ahh
100%
ain't
100%
and
100%
ay, oh, ahh
100%
Ayy, ayy,
100%
ayy, oh, ahh
100%
be
100%
beautiful
100%
confident,
100%
fine?
100%
fine
100%
got
100%
Gotta
100%
heaven-sent
100%
her
100%
hit
100%
I
100%
it
100%
just
100%
like
100%
Like
100%
me
100%
oh
100%
Ohh
100%
ohh
100%
Ooh,
100%
ooh
100%
ooh, yeh
100%
saw
100%
Saw
100%
she
100%
She
100%
so
100%
So
100%
Tadow
100%
(Tadow)
100%
(Tadow,
100%
tadow)
100%
the
100%
The
100%
Yeah,
100%
Yeah
100%
yeah
100%
yeah,
100%
Baby
83%
Baby,
83%
baby
83%
do
83%
even
83%
find
83%
force
83%
Full
83%
Girl
83%
Girl,
83%
hard
83%
heart,
83%
how
83%
How
83%
How’d
83%
in
83%
lying
83%
make
83%
mine
83%
my
83%
never
83%
no
83%
nothing
83%
out?
83%
Out
83%
round
83%
show
83%
sin
83%
that
83%
thing
83%
thing?
83%
to
83%
walking
83%
was
83%
way
83%
Why
83%
why
83%
you
83%
dead
67%
does
67%
Does
67%
'em
67%
every
67%
Everyone
67%
Eyes
67%
fear
67%
heels
67%
knock
67%
know
67%
on
67%
slides
67%
Strutting
67%
Talking
67%
they
67%
think
67%
understand
67%
want
67%
week,
67%
with
67%
With
67%
wondering
67%
year
67%
All
50%
come
50%
confidence
50%
day,
50%
deadly
50%
don't
50%
either
50%
have
50%
Lady,
50%
man
50%
meant
50%
Mrs.
50%
Or
50%
run
50%
runnin'
50%
She’ll
50%
single
50%
sublime
50%
Super
50%
within?
50%
acting
33%
love
33%
wasn't
33%
No matching quizzes found
Score Distribution
Percent of People with Each Score
Percentile by Number Answered
Your Score History
You have not taken this quiz